Leader xxxxxxxxxx
001 __ PCLIS00044351
005 __ 20211109093150.0
010 0_ |a978-986-6345-14-2|b平裝|dNT$259
100 __ |a20120409d2009 m y0chiy09 e
101 0_ |achi
102 __ |atw
105 __ |ay z 000ay
200 1_ |a地獄獨行|fDiv(另一種聲音)著
205 __ |a初版
210 __ |a臺北市|c春天出版|a臺北縣新店市|c楨德圖書總經銷|d2009[民98]
215 0_ |a302面|d21公分
225 2_ |a地獄系列|i第八部|h8
225 2_ |a奇幻次元|v24
300 __ |a地獄系列第八部
410 _0 |12001 |a奇幻次元|v24
461 _1 |12001 |a地獄系列|v8
681 __ |a857.7|b8726
681 __ |a857.7|b8555
681 __ |a857.83|b8726 2009 V8
700 _0 |a另一種聲音|c(Div)|f1978- |4著
801 _0 |atw|b內湖高中|c20120409|gCCR
801 _2 |atw|b內湖高中|c20211109|gCCR
|